000
00218nam a2200097Ia 4500
008
200302s9999 xx 000 0 und d
100
_a
Author
245
_a
Architectural Specifications
260
_b
Publisher
300
_a
822 P.,
999
_c
5
_d
5